| 000 | 00867nam a22002057a 4500 | ||
|---|---|---|---|
| 999 |
_c62912 _d62912 |
||
| 003 | Ge_BSU | ||
| 005 | 20250319171757.0 | ||
| 008 | 250319s1996 ge ||||| |||| 00| 0 geo d | ||
| 020 | _a550502064X | ||
| 041 | _ageo | ||
| 080 | _a616-006(075.8) ნ-16 | ||
| 100 |
_aნადირაძე, ირაკლი _924169 |
||
| 245 |
_aზოგადი ონკოლოგია : _b [სახელმძღვ. უმაღ. სამედ. სასწ. სტუდ.] / _cირაკლი ნადირაძე; შ.პ.ს. "სოს"-ბროკერ ინთერნეიშნლ. |
||
| 264 |
_aთბ., _c1996. |
||
| 300 |
_a134 გვ. ; _b20 სმ. |
||
| 504 | _aბიბლიოგრ.: გვ. 133. | ||
| 653 | _aზოგადი ონკოლოგია | ||
| 653 | _aმედიცინა | ||
| 942 |
_2udc _cᲬᲘᲒᲜᲘ |
||